European Press Seminar, Stockholm
Đã lưu trong:
| Údar Corparáideach: | |
|---|---|
| Formáid: | Leabhar |
| Teanga: | Undetermined |
| Foilsithe: |
Paris
World Trade Europe Corporation
1965
|
| Ábhair: | |
| Clibeanna: |
Cuir Clib Leis
Gan Chlibeanna, Bí ar an gcéad duine leis an taifead seo a chlibeáil!
|
| Thư viện lưu trữ: | Trung tâm Học liệu Trường Đại học Cần Thơ |
|---|
| LEADER | 00525nam a2200181Ia 4500 | ||
|---|---|---|---|
| 001 | CTU_89210 | ||
| 008 | 210402s9999 xx 000 0 und d | ||
| 082 | |a 001.6 | ||
| 082 | |b W927 | ||
| 110 | |a World Trade Europe Corporation | ||
| 245 | 0 | |a European Press Seminar, Stockholm | |
| 245 | 0 | |c World Trade Europe Corporation | |
| 260 | |a Paris | ||
| 260 | |b World Trade Europe Corporation | ||
| 260 | |c 1965 | ||
| 650 | |a Automatic data processing | ||
| 904 | |i Năm | ||
| 980 | |a Trung tâm Học liệu Trường Đại học Cần Thơ | ||